Delhi's march towards statehood / (Record no. 133764)

MARC details
000 -LEADER
fixed length control field 00815nam a22002297a 4500
005 - DATE AND TIME OF LATEST TRANSACTION
control field 20170124110215.0
010 ## - LIBRARY OF CONGRESS CONTROL NUMBER
LC control number A-705725
020 ## - INTERNATIONAL STANDARD BOOK NUMBER
Terms of availability 00.00
International Standard Book Number 8185944784
035 ## - SYSTEM CONTROL NUMBER
System control number A-705725
037 ## - SOURCE OF ACQUISITION
Source of stock number/acquisition Cen Lib/Ret
040 ## - CATALOGING SOURCE
Original cataloging agency DPL
Language of cataloging EN
082 ## - DEWEY DECIMAL CLASSIFICATION NUMBER
Classification number 324.95416
Item number GOY
100 ## - MAIN ENTRY--PERSONAL NAME
Personal name Goyel, Purushottam
9 (RLIN) 38845
245 ## - TITLE STATEMENT
Title Delhi's march towards statehood /
Statement of responsibility, etc by Purushottam Goyel
260 ## - PUBLICATION, DISTRIBUTION, ETC. (IMPRINT)
Name of publisher, distributor, etc UBS Publishers' Distributors
Place of publication, distribution, etc New Delhi
Date of publication, distribution, etc 1993
270 ## - ADDRESS
City New Delhi
Address 5, Ansari Road, Darya Ganj
Postal code 110002
300 ## - PHYSICAL DESCRIPTION
Extent xiv,248p.
Dimensions 21cm(Hb)
500 ## - GENERAL NOTE
General note Includes index<br/>
650 ## - SUBJECT ADDED ENTRY--TOPICAL TERM
Topical term or geographic name as entry element Delhi (India : Union Territory) -- Politics and government
9 (RLIN) 38846
650 ## - SUBJECT ADDED ENTRY--TOPICAL TERM
Topical term or geographic name as entry element Administrative agencies -- India -- Delhi (Union Territory) -- Reorganization -- History
9 (RLIN) 38847
942 ## - ADDED ENTRY ELEMENTS (KOHA)
Source of classification or shelving scheme Dewey Decimal Classification
Koha item type English Books
Classification part 324.95416
Call number suffix GOY
Holdings
Withdrawn status Lost status Damaged status Not for loan Home library Current library Date acquired Source of acquisition Cost, normal purchase price Total Checkouts Full call number Barcode Date last seen Copy number Cost, replacement price Price effective from Koha item type
        Central Library Central Library 27/07/2015 Cen Lib/Ret 0.00   324.95416 GOY A-705725 27/07/2015 1 0.00 27/07/2015 English Books

© Delhi Public Library
Hit Counter
free hit counter